Začínáme s obchodováním CFDs

Salvato in:
Dettagli Bibliografici
Autore principale: Exelová, Jana
Natura: Libro
Lingua:ceco
Pubblicazione: Praha Magnet Press Slovakia 2010
Soggetti:
Tags: Aggiungi Tag
Nessun Tag, puoi essere il primo ad aggiungerne!!

MARC

LEADER 00000nam a2200000 4500
001 0124614
005 20240312121646.2
020 |a 978-80-89169-19-1 
041 0 |a cze 
044 |a CZ 
245 1 0 |a Začínáme s obchodováním CFDs  |c Jana Exelová 
264 1 |a Praha  |b Magnet Press Slovakia  |c 2010 
300 |a 103 s. 
610 2 0 |a akcie 
610 2 0 |a indexy burzové 
610 2 0 |a trh finančný 
610 2 0 |a deriváty 
610 2 0 |a obchod 
610 2 0 |a hedging 
610 2 0 |a investori 
610 2 0 |a nákup 
610 2 0 |a predaj 
610 2 0 |a zisk 
610 2 0 |a analýza technická 
610 2 0 |a analýza fundamentálna 
610 2 0 |a manažment finančný 
610 2 0 |a riziko finančné 
610 2 0 |a zlato 
610 2 0 |a dlhopisy štátne 
610 2 0 |a makléri 
610 2 0 |a nástroje investičné 
610 2 0 |a CFD 
100 1 |a Exelová, Jana